<?xml version="1.0" encoding="UTF-8"?><?xml-stylesheet type="text/xsl" href="static/style.xsl"?><OAI-PMH xmlns="http://www.openarchives.org/OAI/2.0/" xmlns:xsi="http://www.w3.org/2001/XMLSchema-instance" xsi:schemaLocation="http://www.openarchives.org/OAI/2.0/ http://www.openarchives.org/OAI/2.0/OAI-PMH.xsd"><responseDate>2026-04-17T05:27:40Z</responseDate><request verb="GetRecord" identifier="oai:www.recercat.cat:2117/17590" metadataPrefix="marc">https://recercat.cat/oai/request</request><GetRecord><record><header><identifier>oai:recercat.cat:2117/17590</identifier><datestamp>2026-01-21T08:52:47Z</datestamp><setSpec>com_2072_1033</setSpec><setSpec>col_2072_452950</setSpec></header><metadata><record xmlns="http://www.loc.gov/MARC21/slim" xmlns:dcterms="http://purl.org/dc/terms/" xmlns:xsi="http://www.w3.org/2001/XMLSchema-instance" xmlns:doc="http://www.lyncode.com/xoai" xsi:schemaLocation="http://www.loc.gov/MARC21/slim http://www.loc.gov/standards/marcxml/schema/MARC21slim.xsd">
   <leader>00925njm 22002777a 4500</leader>
   <datafield ind2=" " ind1=" " tag="042">
      <subfield code="a">dc</subfield>
   </datafield>
   <datafield ind2=" " ind1=" " tag="720">
      <subfield code="a">Estrella Toral, Soledad</subfield>
      <subfield code="e">author</subfield>
   </datafield>
   <datafield ind2=" " ind1=" " tag="720">
      <subfield code="a">Sánchez Juny, Martí</subfield>
      <subfield code="e">author</subfield>
   </datafield>
   <datafield ind2=" " ind1=" " tag="720">
      <subfield code="a">Dolz Ripollès, Josep</subfield>
      <subfield code="e">author</subfield>
   </datafield>
   <datafield ind2=" " ind1=" " tag="720">
      <subfield code="a">Ibáñez, R.</subfield>
      <subfield code="e">author</subfield>
   </datafield>
   <datafield ind2=" " ind1=" " tag="720">
      <subfield code="a">Domínguez, M.</subfield>
      <subfield code="e">author</subfield>
   </datafield>
   <datafield ind2=" " ind1=" " tag="720">
      <subfield code="a">Balairón, Luis</subfield>
      <subfield code="e">author</subfield>
   </datafield>
   <datafield ind2=" " ind1=" " tag="720">
      <subfield code="a">López, D.</subfield>
      <subfield code="e">author</subfield>
   </datafield>
   <datafield ind2=" " ind1=" " tag="260">
      <subfield code="c">2012</subfield>
   </datafield>
   <datafield ind2=" " ind1=" " tag="520">
      <subfield code="a">Until now, hydraulic research of stepped spillways has focused on characterizing aspects as: the different types of flow that occur on the chute, the air inception processes, the potential negative effects associated to the risk of cavitation, the energy dissipation produced by the steps, or&#xd;
the discharge capacity of the spillway. These investigations, however, have focused on stepped spillways with sidewalls, which impose a constant width along the dam. This paper shows the first results of the Collaborative Applied Research project ALIVESCA, conducted between Dragados S.A., the FLUMEN Institute and the Centre for Hydrographic Studies of CEDEX. The project aims to analyze the hydraulic behavior of stepped spillways without sidewalls and establish new criteria for the design of these structures. On the construction&#xd;
viewpoint, avoiding the sidewalls will reduce costs and risks in the project execution. Specifically, the paper aims to analyze the velocity and the air concentration measurements over a&#xd;
spillway model. In particular, aeration is one of the most effective mechanisms to reduce the risk of cavitation damage because the air-water compressibility absorbs the impact of collapsing vaporized bubbles.</subfield>
   </datafield>
   <datafield ind2=" " ind1=" " tag="520">
      <subfield code="a">Until now, hydraulic research of stepped spillways has focused on characterizing aspects as: the different types of flow that occur on the chute, the air inception processes, the potential negative effects associated to the risk of cavitation, the energy dissipation produced by the steps, or&#xd;
the discharge capacity of the spillway. These investigations, however, have focused on stepped spillways with sidewalls, which impose a constant width along the dam. This paper shows the first results of the Collaborative Applied Research project ALIVESCA, conducted between Dragados S.A., the FLUMEN Institute and the Centre for Hydrographic Studies of CEDEX. The project aims to analyze the hydraulic behavior of stepped spillways without sidewalls and establish new criteria for the design of these structures. On the construction&#xd;
viewpoint, avoiding the sidewalls will reduce costs and risks in the project execution. Specifically, the paper aims to analyze the velocity and the air concentration measurements over a spillway model. In particular, aeration is one of the most effective mechanisms to reduce the risk of cavitation damage because the air-water compressibility absorbs the impact of collapsing vaporized bubbles.</subfield>
   </datafield>
   <datafield ind2=" " ind1=" " tag="520">
      <subfield code="a">Postprint (published version)</subfield>
   </datafield>
   <datafield tag="653" ind2=" " ind1=" ">
      <subfield code="a">Àrees temàtiques de la UPC::Enginyeria civil::Enginyeria hidràulica, marítima i sanitària::Embassaments i preses</subfield>
   </datafield>
   <datafield tag="653" ind2=" " ind1=" ">
      <subfield code="a">Spillways--Design and construction</subfield>
   </datafield>
   <datafield tag="653" ind2=" " ind1=" ">
      <subfield code="a">stepped spillway</subfield>
   </datafield>
   <datafield tag="653" ind2=" " ind1=" ">
      <subfield code="a">hydraulic model</subfield>
   </datafield>
   <datafield tag="653" ind2=" " ind1=" ">
      <subfield code="a">aeration</subfield>
   </datafield>
   <datafield tag="653" ind2=" " ind1=" ">
      <subfield code="a">velocity</subfield>
   </datafield>
   <datafield tag="653" ind2=" " ind1=" ">
      <subfield code="a">air concentration</subfield>
   </datafield>
   <datafield tag="653" ind2=" " ind1=" ">
      <subfield code="a">Preses (Enginyeria) -- Mesures de seguretat</subfield>
   </datafield>
   <datafield ind2="0" ind1="0" tag="245">
      <subfield code="a">Velocity and air concentration in air-water flow: application on a stepped spillway without sidewalls</subfield>
   </datafield>
</record></metadata></record></GetRecord></OAI-PMH>